00742nam a2200229 a 45000050016000000080041000160100014000570200023000710200026000940350013001200350017001330370015001500370021001650400018001860820006002041000025002102450076002352600072003112700064003833000027004475000038004742009071600250.0970424s1996 ii 000 1 eng  aENG-94434 a8188965537c350.00 a9788188965533c350.00 aEN-77967 aB-360005-022 bDBAD / PUB bWomen Unlimited  adplbEnglish  aS aQurratulain H̀£aidar aThe street singers of Lucknow and other stories /cby Qurratulain Hyder aNew Delhi bWomen Unlimited (an associate of Kali for Women) c2008 aK-36, Hauz Khas Enclave, Ground Floor, bNew Delhi e110016 axvi, 228p. c22cm(pbk) aWinner of the Jnanpith Award 1989